Pokémon GO: Highest CP Pokémon - Statistics

General Stats
  • This quiz has been taken 159 times
    78 since last reset
  • The average score is 53 of 90
Answer Stats
Max CP Type Answer % Correct
6672 Ground/Fire Primal Groudon
91%
6672 Water Primal Kyogre
89%
6458 Dragon/Flying Mega Rayquaza
87%
4287 Dragon/Flying Dragonite
85%
4724 Psychic Mewtwo
85%
4652 Ground Groudon
84%
4336 Dragon/Flying Rayquaza
84%
4652 Water Kyogre
82%
4353 Fire/Dragon Mega Charizard X
82%
5037 Fire/Flying Mega Charizard Y
82%
6132 Dragon/Ground Mega Garchomp
82%
4479 Dragon/Ground Garchomp
80%
4310 Dragon/Psychic Latios
78%
5428 Dragon/Psychic Mega Latias
78%
5661 Dragon/Psychic Mega Latios
78%
6045 Rock/Dark Mega Tyranitar
78%
4512 Water/Dragon Palkia
78%
4683 Water/Dragon Palkia (Origin)
78%
4565 Steel/Dragon Dialga
76%
4624 Steel/Dragon Dialga (Origin)
76%
4335 Rock/Dark Tyranitar
76%
5010 Normal Slaking
75%
4902 Ghost/Poison Mega Gengar
73%
4286 Steel/Psychic Metagross
73%
5443 Bug/Fighting Mega Heracross
71%
4634 Psychic/Ghost Necrozma (Dawn Wings)
69%
4565 Dragon/Electric Zekrom
69%
4041 Dragon/Ice Kyurem
67%
4455 Water Mega Blastoise
67%
5332 Water/Dark Mega Gyarados
67%
5688 Dragon/Flying Mega Salamence
67%
4163 Psychic Necrozma
67%
4634 Psychic/Steel Necrozma (Dusk Mane)
67%
4565 Dragon/Fire Reshiram
67%
4239 Dragon/Flying Salamence
67%
4164 Ghost/Dragon Giratina (Origin)
65%
4913 Normal Regigigas
65%
4367 Fire/Flying Ho-Oh
64%
4186 Psychic/Flying Lugia
64%
4570 Psychic/Ghost Lunala
64%
4704 Fire/Fighting Mega Blaziken
64%
4975 Water/Ground Mega Swampert
64%
4181 Grass/Poison Mega Venusaur
64%
4570 Psychic/Steel Solgaleo
64%
4275 Fairy Xerneas
64%
5099 Psychic Mega Alakazam
62%
4913 Rock/Fairy Mega Diancie
62%
5101 Psychic/Fairy Mega Gardevoir
62%
4621 Bug/Steel Mega Scizor
60%
4329 Fairy Zacian
60%
4585 Grass/Dragon Mega Sceptile
58%
4275 Dark/Flying Yveltal
58%
4329 Fighting Zamazenta
58%
4799 Electric/Dragon Mega Ampharos
55%
4057 Ground/Flying Landorus (Incarnate)
53%
4434 Ground/Flying Landorus (Therian)
53%
4221 Ground/Rock Rhyperior
53%
4012 Fighting/Flying Zapdos (Galarian)
53%
4227 Dark Darkrai
49%
4530 Psychic/Dark Hoopa (Unbound)
49%
4655 Rock/Flying Mega Aerodactyl
49%
4208 Dragon/Ground Zygarde (Complete)
49%
4059 Psychic/Flying Articuno (Galarian)
47%
4133 Steel/Ground Mega Steelix
47%
4705 Steel Mega Aggron
45%
4244 Fire/Steel Heatran
44%
4728 Bug/Flying Mega Pinsir
44%
4181 Rock/Fighting Terrakion
44%
4344 Dark/Fire Mega Houndoom
42%
4465 Rock/Poison Nihilego
42%
4137 Electric/Flying Thundurus (Therian)
42%
4098 Dark/Dragon Hydreigon
40%
4181 Water/Fighting Keldeo
40%
4234 Normal/Fighting Mega Lopunny
40%
4490 Normal/Psychic Meloetta
40%
4358 Ground/Normal Ursaluna
40%
4792 Dragon/Ice Baxcalibur
38%
4156 Grass/Steel Kartana
38%
4353 Normal Mega Kangaskhan
38%
4160 Normal/Flying Mega Pidgeot
38%
4334 Dark/Grass Zarude
38%
4245 Water/Psychic Mega Slowbro
36%
4451 Electric Xurkitree
36%
4048 Electric Mega Manectric
35%
4061 Grass/Flying Shaymin (Sky)
35%
4062 Dragon Haxorus
33%
4217 Fighting/Ghost Marshadow
33%
4063 Ghost Mega Banette
29%
4069 Steel Melmetal
29%
4106 Bug/Fire Volcarona
29%
No matching quizzes found
Score Distribution
Percent of People with Each Score
Percentile by Number Answered
Your Score History
You have not taken this quiz since the last reset